Kritické úvahy I /

Hlavní autor: Fuchs, Jiří, 1947-
Korporativní autor: Dominikáni. Česká provincie. Kazatelské středisko
Jazyk: Čeština
Vydáno: Praha : Editio Sti. Aegidii, 1992
Vydání: 1. vyd.
Fyzický popis: 71 s. ; 21 cm
Knihy
Uloženo v:
LEADER 00831nam a22002412a 4500
001 000252999
003 CZ BrMZK
005 20211027114130.0
007 ta
008 950101s1992 xr f cze d
015 |a cnb000069851 
040 |a BOA001  |b cze 
100 1 |a Fuchs, Jiří,  |d 1947-  |7 jn20000810274  |4 aut 
245 1 0 |a Kritické úvahy I /  |c Jiří Fuchs 
250 |a 1. vyd. 
260 |a Praha :  |b Editio Sti. Aegidii,  |c 1992 
300 |a 71 s. ;  |c 21 cm 
504 |a Obsahuje bibliografické odkazy 
550 |a Vydavatel: Kazatelské středisko Čs. provincie Řádu bratří kazatelů 
710 2 |a Dominikáni.  |b Česká provincie.  |b Kazatelské středisko  |7 ko2003174495 
910 |a BOA001  |b 2-0975.773,1 
990 |a BK 
996 6 |b 2619903174  |c 2-0975.773,1  |l MZK  |r Sklad / do 1 hodiny  |n 8  |w 000252999  |u 000010  |a 1  |e BOA001  |j MZK50  |s P